K novému zákonu o zamestnanosti.
V programových vyhláseniach vlád ČSFR bolo ubezpečenie, že "vláda bude usilovať o efektívnu a slobodne zvolenú zamestnanosť a zabezpečenie práva na prácu všetkým občanom", čo komplexne vyjadruje politiku zamestnanosti. Charakteristika predpokladov dosiahnutia plnej, produktívnej a slobodne zvolenej...
Salvato in:
| Autore principale: | |
|---|---|
| Natura: | Capitolo di libro |
| Lingua: | slovacco |
| Soggetti: | |
| Tags: |
Nessun Tag, puoi essere il primo ad aggiungerne!!
|
MARC
| LEADER | 00000naa a2200000 4500 | ||
|---|---|---|---|
| 001 | r005874 | ||
| 005 | 20221125080746.5 | ||
| 041 | 0 | |a slo | |
| 044 | |a [CS] | ||
| 245 | 1 | 0 | |a K novému zákonu o zamestnanosti. |c Štefan Karabín |
| 520 | |a V programových vyhláseniach vlád ČSFR bolo ubezpečenie, že "vláda bude usilovať o efektívnu a slobodne zvolenú zamestnanosť a zabezpečenie práva na prácu všetkým občanom", čo komplexne vyjadruje politiku zamestnanosti. Charakteristika predpokladov dosiahnutia plnej, produktívnej a slobodne zvolenej zamestnanosti. Hlavnou právnou normou, ktorá by tomu mala napomáhať je zákon Federálneho zhromaždenia o zamestnanosti. Výklad obsahu tohto zákona. | ||
| 610 | 2 | 0 | |a zamestnanosť |
| 610 | 2 | 0 | |a zákony |
| 610 | 2 | 0 | |a ČSFR |
| 610 | 2 | 0 | |a právo na prácu |
| 100 | 1 | |a Karabín, Štefan | |